1356 1035 1668 1462 1344 1990 1527 1521 1845 1363 1958 1574 1707 1543 1987 1400 1451 1093 1835 1054 1180 1301 1998 1288 1529 1862 1684 1423 1008 1404 1087 1336 1240 1657 1986 1253 1756 1874 1377 1596 1813 1392 1894 1888 1782 1897 1097 1408 1663 1412 1777 1815 1220 1286 1850 1503 1340 1160 1710 1136 1341 1361 1265 1775 1835 1577 1853 1144 1080 1669 1313 1594 1066 1888 1803 1268 1056 1582 1398 1250 1543 1844 1219 1468 1419 1229 1308 1385 1577 1151 1295 1523 1048 1673 1461 1679 1750 1400 1511 BCNSPRNW ULIB Ver.6.0+V

เปลี่ยนเป็นภาษาไทย

Change to English
 แสดงรายละเอียดบรรณานุกรม
  กลับหน้าหลัก

Brief Record : Get Marc (ISO 2709) : E-mail record : QR code < ปิดหน้าต่าง
LEADER : 00000nam 2200000uu 4500
001    13399111651
003     ULIB
008    110704s||||||||th 000 0 tha d
020    9749243900
050  4 BQ7210^bจ636บ 2548
100 0  จุ้มจะริง
245 10 บันทึกสนทนาธรรมตามรอยพ่อ /^cโดย จุ้มจะริง
246 14 ตามรอยพ่อ
250    พิมพ์ครั้งที่ 3
260    กรุงเทพฯ :^bโรงพิมพ์ขุมทองอุตสาหกรรมและการพิมพ์,^c2548
300    252 หน้า ;^c21 ซม.
500    ชื่อเรื่องบนปก: ตามรอยพ่อ
650  7 การปฏิบัติธรรม
650  7 ธรรมะกับชีวิตประจำวัน
650  7 พุทธศาสนา^xรวมเรื่อง
945    ^p0^l0^i020922
945    ^p0^l0^i018986
945    ^p0^l0^i020336
995    ทศพร
999 ^a ใช้งานได้ทุกระบบ
รายการนี้ยังไม่มีแท็ก
คุณยังไม่ได้ล็อกอิน คุณสามารถมีกิจกรรมร่วมกับเว็บไซต์ได้ แต่ต้องล็อกอินก่อน ::
  ล็อกอิน

รายการสื่อสารสนเทศ

ลำดับที่ ประเภท เลขเรียก/บาร์โค้ด สถานที่ สถานะ
- ไม่พบข้อมูล -

รายการใกล้เคียง
    ผู้แต่ง [จุ้มจะริง]

    หัวเรื่อง [การปฏิบัติธรรม]
    หัวเรื่อง [ธรรมะกับชีวิตประจำวัน]

BibComment


ยังไม่เคยถูกคอมเมนท์

คอมเมนท์ทรัพยากรรายการนี้
  คอมเมนท์: บันทึกสนทนาธรรมตา..


 Copyright 2026. Bcnsprnw @Library